Members of Kpop groups - Statistics

General Stats
  • This quiz has been taken 200 times
  • The average score is 147 of 273
Answer Stats
Hint Answer % Correct
Stayc J
100%
BTS Jimin
98%
Seventeen Jun
98%
BTS Jungkook
98%
BTS Taehyung | V
98%
Blackpink Jennie
97%
BTS J-hope | Hobi
97%
BTS RM | Namjoon
97%
Blackpink Rose
97%
BTS Jin
96%
Blackpink Jisoo
96%
Blackpink Lisa
96%
BTS Suga | Yoongi
96%
Seventeen Dino | Chan
94%
GOT7 Jay B
94%
Stray Kids Han | Jisung
92%
Stray Kids I.N. | Jeongin
92%
Ateez San
92%
Stray Kids Felix
91%
Stray Kids Bangchan
90%
EXO Chen
90%
Stray Kids Hyunjin
90%
aespa Karina
90%
Twice Nayeon
90%
aespa Winter
90%
Stray Kids Seungmin
89%
TXT Beomgyu
88%
aespa Giselle
88%
Stray Kids Lee Know / Minho
88%
Twice Momo
88%
Enhypen Ni-ki
88%
aespa NingNing
88%
TXT Soobin
88%
Le Sserafim Chaewon
87%
Stray Kids Changbin
87%
TXT Huening Kai
87%
Enhypen Jake
87%
Enhypen Jay
87%
Itzy Lia
87%
Le Sserafim Sakura
87%
Twice Sana
87%
TXT Taehyun
87%
Itzy Yeji
87%
Newjeans Danielle
86%
Twice Jihyo
85%
Le Sserafim Kazuha
85%
Le Sserafim Yunjin
85%
Le Sserafim Eunchae
84%
Twice Tzuyu
84%
IVE Wonyoung
84%
TXT Yeonjun
84%
Itzy Chaeryeong
83%
Twice | fromis_9 Chaeyoung
83%
Seventeen DK | Seokmin
83%
EXO Kai
83%
Twice Mina
83%
Enhypen Sunoo
83%
Pentagon Yan An
83%
Itzy Yuna
83%
Enhypen Heeseung
81%
IVE | Kep1er | Zerobaseone Yujin
81%
Twice Jeongyeon
80%
(G)I-dle Soyeon
80%
Enhypen Sunghoon
80%
Seventeen Woozi | Jihoon
80%
Enhypen Jungwon
79%
NCT 127 | NCT Dream Mark
79%
Seventeen Scoups | Seungcheol
79%
Seventeen The8 | Minghao
79%
Twice Dahyun
78%
Seventeen Hoshi | Soonyoung
78%
Seventeen Mingyu
78%
Seventeen Vernon
78%
(G)I-dle Minnie
77%
Newjeans Hanni
76%
(G)I-dle Yuqi
76%
Mamamoo Hwasa
75%
Red Velvet Irene
75%
Ateez Mingi
75%
Red Velvet Wendy
75%
Ateez Wooyoung
75%
Ateez Hongjoong
74%
Seventeen Joshua
74%
(G)I-dle Miyeon
74%
(G)I-dle Shuhua
74%
Ateez Seonghwa
73%
Ateez Jongho
72%
IVE Liz
72%
Red Velvet Joy
71%
ASTRO Moonbin
71%
Red Velvet Seulgi
71%
Seventeen Wonwoo
71%
Ateez Yeosang
71%
Ateez Yunho
71%
IVE Leeseo
70%
Seventeen Seungkwan
70%
Newjeans Hyein
69%
Newjeans Minji
69%
IVE Gaeul
68%
GOT7 Jackson Wang | Jackson
68%
Mamamoo Solar
68%
GOT7 Bambam
67%
Newjeans Haerin
67%
Mamamoo Moonbyul
67%
IVE Rei
67%
Red Velvet Yeri
65%
EXO D.O.
64%
Seventeen Jeonghan
64%
ASTRO Eunwoo
63%
Zerobaseone Ricky
63%
Kiss of Life Natty
62%
Boynextdoor | NCT 127 Jaehyun
61%
Mamamoo Wheein
61%
NCT 127 Johnny
60%
WayV Ten
60%
EXO Baekhyun
58%
Babymonster Asa
57%
Kiss of Life Julie
57%
Kiss of Life Belle
56%
The Boyz Eric
56%
NCT 127 | NCT Dream Haechan
56%
WayV Winwin
56%
fromis_9 Jisun
55%
NCT Dream Chenle
54%
NCT Dream Jisung
54%
Monsta X I.M
53%
NCT 127 Taeil
53%
NCT 127 | Treasure Doyoung
52%
NCT Dream Jaemin
52%
NCT 127 Jungwoo
52%
NCT 127 Taeyong
52%
Babymonster Ahyeon
51%
NCT 127 Yuta
51%
EXO Chanyeol
49%
NCT Dream Jeno
49%
Zerobaseone Matthew
49%
Kep1er Bahiyyih
48%
EXO Sehun
48%
EXO Suho
48%
WayV Xiaojun
48%
WayV Yangyang
48%
The Boyz Kevin
47%
EXO Xiumin
47%
EXO Lay
46%
NCT Dream Renjun
46%
iKON Bobby
45%
Zerobaseone Hanbin
45%
Kiss of Life Haneul
45%
Babymonster Rami
45%
Babymonster Pharita
44%
NCT 127 | Riize Shotaro
44%
Riize Wonbin
44%
Kep1er Xiaoting
44%
Stayc Yoon
44%
Zerobaseone Gyuvin
43%
The Boyz Q
43%
Babymonster Ruka
43%
WayV Kun
42%
ASTRO Sanha
42%
Stayc | Xikers Seeun
41%
GOT7 Yugyeom
41%
WayV Hendery
40%
GOT7 Jinyoung
40%
Boynextdoor Leehan
40%
Riize Sohee
40%
Stayc | Xikers Sumin
40%
Riize Sungchan
40%
ASTRO Jinjin
39%
GOT7 Youngjae
39%
Zerobaseone Gunwook
38%
Zerobaseone Jiwoong
38%
Zerobaseone Taerae
38%
Boynextdoor Riwoo
37%
Treasure Yoshi
37%
Kep1er Hikaru
36%
Stayc Isa
36%
ASTRO MJ
36%
Boynextdoor Woonhak
36%
Dreamcatcher Dami
35%
Zerobaseone Hao
35%
Treasure Haruto
35%
The Boyz Sunwoo
35%
Boynextdoor Taesan
35%
Pentagon Hui
34%
The Boyz New
34%
The Boyz Jacob
33%
GOT7 Mark Tuan
33%
Kep1er Mashiro
33%
Monsta X Minhyuk
33%
Monsta X Shownu
33%
Stayc Sieun
33%
iKON B.I.
32%
Itzy Ryunjin
32%
Kep1er Yeseo
32%
Monsta X Joohoney
31%
Riize Seunghan
31%
Treasure Asahi
29%
Monsta X Hyungwon
29%
Treasure Jihoon
29%
Xikers Hunter
28%
Treasure Hyunsuk
28%
The Boyz Juyeon
27%
Monsta X Kihyun
26%
Riize Eunseok
25%
Dreamcatcher JiU
25%
Kep1er Chaehyun
24%
Kep1er Dayeon
24%
Xikers Yechan
24%
Dreamcatcher SuA
23%
EXO Tao
23%
Treasure Jaehyuk
22%
The Boyz Hyunjae
21%
fromis_9 Jiwon
21%
The Boyz Juhaknyeon
21%
fromis_9 Saerom
21%
Cravity Taeyoung
21%
Kep1er Youngeun
21%
fromis_9 Jiheon
20%
Treasure Junghwan
20%
fromis_9 Nagyung
20%
The Boyz Sangyeon
20%
Dreamcatcher Siyeon
20%
Treasure Junkyu
19%
The Boyz Younghoon
19%
Dreamcatcher Gahyeon
18%
Treasure Jeongwoo
18%
OneUs Leedo
18%
Pentagon Yuto
18%
fromis_9 Gyuri
17%
Dreamcatcher Handong
17%
OneUs Hwanwoong
17%
Xikers Minjae
17%
Cravity Seongmin
17%
fromis_9 Seoyeon
17%
Cravity Serim
17%
OneUs Xion
17%
fromis_9 Hayoung
16%
Cravity Jungmo
16%
Xikers Junmin
16%
Cravity Minhee
16%
Dreamcatcher Yoohyeon
16%
Cravity Allen
15%
Xikers Jinsik
15%
OneUs Keonhee
15%
Pentagon Kino
15%
OneUs Seoho
15%
Pentagon Hongseok
14%
Pentagon Yeo One
14%
iKON Chanwoo
13%
Pentagon Dawn
13%
Cravity Hyeongjun
13%
Xikers Hyunwoo
13%
Xikers Junghoon
13%
Cravity Wonjin
13%
Pentagon Jinho
12%
iKON Jinhwan
12%
iKON Junhoe
12%
Cravity Woobin
12%
Xikers Yujun
12%
iKON Donghyuk
11%
Pentagon Shinwon
10%
iKON Yunhyeong
10%
No matching quizzes found
Score Distribution
Percent of People with Each Score
Percentile by Number Answered
Your Score History
You have not taken this quiz